|
|
|
|
| LEADER |
00000nab a2200000 a 4500 |
| 001 |
vtls000183682 |
| 003 |
SK-MaSNL |
| 005 |
20260304072144.0 |
| 008 |
250423c1984 xo 0 slo |
| 015 |
|
|
|a SNBRB19rr/mm-uuuuu
|
| 035 |
|
|
|a CL0193795
|
| 035 |
|
|
|a urn:nbn:sk:snk-ab2f8l
|
| 035 |
|
|
|a (urnnbn)urn:nbn:sk:snk:ar-a02c6k
|
| 035 |
|
|
|a (uuid)b057f341-9b4b-4a48-a72d-eaec178861d0
|
| 040 |
|
|
|a SNKBUCL
|b slo
|c SNKBUCL
|e AACR2
|
| 041 |
0 |
|
|a slo
|
| 044 |
|
|
|a xo
|c SK
|
| 080 |
|
|
|a 82.091(048)
|2 1981
|
| 100 |
1 |
|
|a Gálik, Marián,
|d 1933-2024
|4 aut
|9 92472
|
| 245 |
1 |
0 |
|a Gerhardt R. Kaiser: Einführung in die vergleichende Literaturwissenschaft. Forschungsstand - Kritik - Aufgaben
|c Marián Gálik ; Gerhardt R. Kaiser
|
| 500 |
|
|
|a V rubrike Recenzie.
|
| 650 |
0 |
7 |
|a literárna komparatistika
|2 snkbucl
|9 62017
|
| 655 |
|
7 |
|a články z novín a časopisov
|2 snkbucl
|9 267496
|
| 655 |
|
7 |
|a články z odboru literárna veda a krásna literatúra
|2 snkbucl
|9 770045
|
| 700 |
1 |
|
|a Kaiser, Gerhardt R.
|4 aut
|9 1359683
|
| 773 |
0 |
|
|t Slavica slovaca
|g Roč. 19, č. 2 (1984), s. 191-192
|
| 787 |
0 |
8 |
|i Rec.:
|a Kaiser, Gerhardt R.
|t Einfuhrung in die vergleichende Literaturwissenschaft
|d Darmistadt : Wissenschaftliche Buchgesellschaft, 1980
|
| 850 |
|
|
|a Slovenská národná knižnica
|
| 852 |
|
|
|a Slovenská národná knižnica
|
| 954 |
|
|
|a odborná, vedecká literatúra pôvodná (slovenská)
|2 lita
|
| 958 |
|
|
|a article27
|
| 958 |
|
|
|a RK
|
| 958 |
|
|
|a LX
|
| 958 |
|
|
|a DE
|
| 958 |
|
|
|a OND
|
| 958 |
|
|
|a EUIPO
|
| 992 |
|
|
|a RBX
|
| 999 |
|
|
|c 2764828
|d 2766758
|